LEADER 01495nam 2200409Ia 450 001 9910698709503321 005 20090428155103.0 035 $a(CKB)5470000002396765 035 $a(OCoLC)319547905 035 $a(EXLCZ)995470000002396765 100 $a20090428d2008 ua 0 101 0 $aeng 135 $auran||||||||| 181 $ctxt$2rdacontent 182 $cc$2rdamedia 183 $acr$2rdacarrier 200 00$aGuidance for industry$b[electronic resource] $evalidation of growth-based rapid microbiological methods for sterility testing of cellular and gene therapy products 210 1$aRockville, MD :$cU.S. Dept. of Health and Human Services, Food and Drug Administration, Center for Biologics Evaluation and Research,$d[2008] 215 $ai, 12 pages $cdigital, PDF file 300 $aTitle from PDF title page (viewed on Apr. 28, 2009). 300 $a"Draft guidance". 300 $a"February 2008". 300 $aIncludes bibliographical references (p. 12). 517 $aGuidance for industry 606 $aCellular therapy$xTesting 606 $aGene therapy$xTesting 606 $aRapid methods (Microbiology) 615 0$aCellular therapy$xTesting. 615 0$aGene therapy$xTesting. 615 0$aRapid methods (Microbiology) 712 02$aCenter for Biologics Evaluation and Research (U.S.) 801 0$bGPO 801 1$bGPO 906 $aBOOK 912 $a9910698709503321 996 $aGuidance for industry$93434577 997 $aUNINA LEADER 03361nam 2200637 a 450 001 9910784993303321 005 20200520144314.0 010 $a1-281-27620-0 010 $a9786611276201 010 $a3-540-78248-6 024 7 $a10.1007/978-3-540-78248-3 035 $a(CKB)1000000000406917 035 $a(EBL)373069 035 $a(OCoLC)261325810 035 $a(SSID)ssj0000266519 035 $a(PQKBManifestationID)11191593 035 $a(PQKBTitleCode)TC0000266519 035 $a(PQKBWorkID)10302100 035 $a(PQKB)10049316 035 $a(DE-He213)978-3-540-78248-3 035 $a(MiAaPQ)EBC373069 035 $a(Au-PeEL)EBL373069 035 $a(CaPaEBR)ebr10223458 035 $a(CaONFJC)MIL127620 035 $a(PPN)123745896 035 $a(EXLCZ)991000000000406917 100 $a20081029d2008 uy 0 101 0 $aeng 135 $aur|n|---||||| 181 $ctxt 182 $cc 183 $acr 200 10$aValuation in life sciences$b[electronic resource] $ea practical guide /$fBoris Bogdan, Ralph Villiger 205 $a2nd ed. 210 $aHeidelberg $cSpringer$d2008 215 $a1 online resource (344 p.) 300 $aDescription based upon print version of record. 311 $a3-540-78247-8 320 $aIncludes bibliographical references and index. 327 $aFundamentals in Life Sciences -- Basics of Valuation -- Valuation in Life Sciences -- Exercises -- Case Studies. 330 $aValuation is a hot topic among life sciences professionals. There is no clear understanding on how to use the different valuation approaches and how to determine input parameters. Some do not value at all, arguing that it is not possible to get realistic and objective numbers out of it. Some claim it to be an art. In the following chapters we will provide the user with a concise val- tion manual, providing transparency and practical insight for all dealing with valuation in life sciences: project and portfolio managers, licensing executives, business developers, technology transfer managers, entrep- neurs, investors, and analysts. The purpose of the book is to explain how to apply discounted cash flow and real options valuation to life sciences p- jects, i.e. to license contracts, patents, and firms. We explain the fun- mentals and the pitfalls with case studies so that the reader is capable of performing the valuations on his own and repeat the theory in the exercises and case studies. The book is structured in five parts: In the first part, the introduction, we discuss the role of the players in the life sciences industry and their p- ticular interests. We describe why valuation is important to them, where they need it, and the current problems to it. The second part deals with the input parameters required for valuation in life sciences, i.e. success rates, costs, peak sales, and timelines. 606 $aValuation 606 $aBiotechnology industries$xFinance 615 0$aValuation. 615 0$aBiotechnology industries$xFinance. 676 $a332.63221 676 $a338.436151 700 $aBogdan$b Boris$01542286 701 $aVilliger$b Ralph$01542287 801 0$bMiAaPQ 801 1$bMiAaPQ 801 2$bMiAaPQ 906 $aBOOK 912 $a9910784993303321 996 $aValuation in life sciences$93794879 997 $aUNINA LEADER 01676nam0 22003011i 450 001 UON00432518 005 20231205104913.980 100 $a20131031f |0itac50 ba 101 $agot 102 $aDE 105 $a|||| 1|||| 200 1 $aGoethes sämtliche Werke. Vollständige Ausgabe in 44 Bänden. 22.-25.: Aus meinem Leben$eDichtung und Wahrheit. 1. ; *Aus meinem Leben$eDichtung und Wahrheit. 2. ; *Aus meinem Leben$eDichtung und Wahrheit. 3. und 4. ; *Italienische Reise$fJohann Wolfgang von Goethe$gmit Einteilung von Ludwig Geiger 205 $aLeipzig : Hesse & Becker Verlag$b[18--?] 210 $a167$d183$d263$d253 p. ; 17 cm 215 $aSul front.: Mit zwei Bildnissen Goethes, einem Gedicht in faksimile und einem Registerband. 410 1$1001UON00416354$12001 $aDeutsche Klassiker-Bibliothek$eHesses Klassiker-Ausgaben in neuer Ausstattung$1210 $aLeipzig$cHesse & Becker Verlag$d19- 606 $aLetteratura tedesca$xSec. 18.-19.$3UONC061938$2FI 620 $aDE$dLeipzig$3UONL003218 676 $a830.6$cLetteratura tedesca. Periodo classico, 1750-1830$v21 700 1$aGOETHE$bJohann Wolfgang : von$3UONV020096$0151776 702 1$aGEIGER$bLudwig$3UONV218983 712 $aHesse & Becker$3UONV266561$4650 801 $aIT$bSOL$c20251003$gRICA 899 $aSIBA - SISTEMA BIBLIOTECARIO DI ATENEO$2UONSI 912 $aUON00432518 950 $aSIBA - SISTEMA BIBLIOTECARIO DI ATENEO$dSI TED O. C. VII GOE 07 $eSI LO 23874 5 07 $sBuono 996 $aGoethes sämtliche Werke. Vollständige Ausgabe in 44 Bänden. 22.-25.: Aus meinem Leben$91336364 997 $aUNIOR LEADER 04616nam 22007215 450 001 9910484895403321 005 20251225180511.0 010 $a3-030-78375-8 024 7 $a10.1007/978-3-030-78375-4 035 $a(CKB)4100000011954111 035 $a(DE-He213)978-3-030-78375-4 035 $a(MiAaPQ)EBC6640062 035 $a(Au-PeEL)EBL6640062 035 $a(OCoLC)1256814214 035 $a(PPN)257358552 035 $a(EXLCZ)994100000011954111 100 $a20210609d2021 u| 0 101 0 $aeng 135 $aurnn#008mamaa 181 $ctxt$2rdacontent 182 $cc$2rdamedia 183 $acr$2rdacarrier 200 10$aApplied Cryptography and Network Security $e19th International Conference, ACNS 2021, Kamakura, Japan, June 21?24, 2021, Proceedings, Part II /$fedited by Kazue Sako, Nils Ole Tippenhauer 205 $a1st ed. 2021. 210 1$aCham :$cSpringer International Publishing :$cImprint: Springer,$d2021. 215 $a1 online resource (XIV, 512 p. 125 illus., 77 illus. in color.) 225 1 $aSecurity and Cryptology,$x2946-1863 ;$v12727 311 08$a3-030-78374-X 327 $aAnalysis of Applied Systems -- Breaking and Fixing Third-Party Payment Service for Mobile Apps -- DSS: Discrepancy-Aware Seed Selection Method for ICS Protocol Fuzzing -- Threat for the Secure Remote Password Protocol and a Leak in Apple's Cryptographic Library -- Secure Computations -- Privacy-Preserving Data Aggregation with Probabilistic Range Validation -- LLVM-based Circuit Compilation for Practical Secure Computation -- An Efficient Passive-to-Active Compiler for Honest-Majority MPC over Rings -- Cryptanalysis -- Experimental Review of the IKK Query Recovery Attack: Assumptions, Recovery Rate and Improvements -- Efficient Methods to Search for Best Differential Characteristics on SKINNY -- Towards Efficient LPN-Based Symmetric Encryption -- System Security -- A Differentially Private Hybrid Approach to Traffic Monitoring -- Proactive Detection of Phishing Kit Traffic -- Vestige: Identifying Binary Code Provenance for Vulnerability Detection -- SoK: Auditability and Accountability in DistributedPayment Systems -- Defending Web Servers Against Flash Crowd Attacks -- Cryptography and its Applications -- TurboIKOS: Improved Non-interactive Zero-Knowledge and Post-Quantum Signatures -- Cryptanalysis of the Binary Permuted Kernel Problem -- Security Comparisons and Performance Analyses of Post-Quantum Signature Algorithms -- Tighter Proofs for the SIGMA and TLS 1.3 Key Exchange Protocols -- Improved Structured Encryption for SQL Databases via Hybrid Indexing. . 330 $aThe two-volume set LNCS 12726 + 12727 constitutes the proceedings of the 19th International Conference on Applied Cryptography and Network Security, ACNS 2021, which took place virtually during June 21-24, 2021. The 37 full papers presented in the proceedings were carefully reviewed and selected from a total of 186 submissions. They were organized in topical sections as follows: Part I: Cryptographic protocols; secure and fair protocols; cryptocurrency and smart contracts; digital signatures; embedded system security; lattice cryptography; Part II: Analysis of applied systems; secure computations; cryptanalysis; system security; and cryptography and its applications. 410 0$aSecurity and Cryptology,$x2946-1863 ;$v12727 606 $aData protection 606 $aComputer networks 606 $aCryptography 606 $aData encryption (Computer science) 606 $aApplication software 606 $aComputer networks$xSecurity measures 606 $aData and Information Security 606 $aComputer Communication Networks 606 $aCryptology 606 $aComputer and Information Systems Applications 606 $aMobile and Network Security 615 0$aData protection. 615 0$aComputer networks. 615 0$aCryptography. 615 0$aData encryption (Computer science) 615 0$aApplication software. 615 0$aComputer networks$xSecurity measures. 615 14$aData and Information Security. 615 24$aComputer Communication Networks. 615 24$aCryptology. 615 24$aComputer and Information Systems Applications. 615 24$aMobile and Network Security. 676 $a005.82 702 $aSako$b Kazue$c(Innovation Producer) 702 $aTippenhauer$b Nils Ole 801 0$bMiAaPQ 801 1$bMiAaPQ 801 2$bMiAaPQ 906 $aBOOK 912 $a9910484895403321 996 $aApplied Cryptography and Network Security$9771881 997 $aUNINA